00890nam a2200229 i 4500003000900000005001700009007000300026008004100029040003000070082002800100100005000128245011300178264003600291300002400327336002700351337003300378338002900411500007300440504003200513505006700545650004800612DO-SdBNP20240313133356.0ta190808s1989 dr 000 spa d aDO-SdBNPbspacBNPHUerda 4a347.729305bP438p, 19891 aPèrez Mèndez, Artagnan,d1929-2017eautor10aProcedimiento civil :blas vías de ejecución y las vías de distribución /cArtagnan Pérez Méndez aSanto Domingo :bTaller,c1989. avolumenes ;c24 cm. 2rdacontentatextobtxt 2rdamediaasin mediaciónbn 2rdacarrier avolumenbnc aIncluye referencias bibliográficas y notas al pie de las páginas aBibliografía : p. 377-381 av.3tLas vías de ejecución y las vías de distribución  4aProcedimiento civilzRepública Dominicana